Arco 84 (Record no. 12617)

MARC details
000 -LEADER
campo de control de longitud fija 00764nam a22002415i 4500
001 - NÚMERO DE CONTROL
campo de control 12617
003 - IDENTIFICADOR DE NÚMERO DE CONTROL
campo de control ES-MaACL
005 - FECHA Y HORA DE LA ÚLTIMA TRANSACCIÓN
campo de control 20230906150347.0
007 - CAMPO FIJO DE DESCRIPCIÓN FÍSICA--INFORMACIÓN GENERAL
campo de control de longitud fija t|
008 - DATOS DE LONGITUD FIJA--INFORMACIÓN GENERAL
campo de control de longitud fija 951127s1984 sp a ||||0| spa j
040 ## - FUENTE DE CATALOGACIÓN
Centro catalogador/agencia de origen M-BN
Lengua de catalogación spa
Centro/agencia transcriptor M-BN
080 ## - NÚMERO DE LA CLASIFICACIÓN DECIMAL UNIVERSAL
Número de la Clasificación Decimal Universal 7.036(064.3)
111 2# - ENTRADA PRINCIPAL--NOMBRE DE CONGRESO/REUNIÓN
Nombre de congreso/reunión o jurisdicción como elemento de entrada Arco 84 (
Fecha del congreso o de la firma del tratado 1984.
Sede del congreso/Lugar de la reunión Madrid)
9 (RLIN) 2
245 10 - MENCIÓN DEL TÍTULO
Título Arco 84
Resto del título : arte contemporáneo : Feria Internacional de Madrid, 17-22 Feb /
Mención de responsabilidad, etc. [organiza IFEMA].
260 ## - PUBLICACIÓN, DISTRIBUCIÓN, ETC.
Lugar de publicación, distribución, etc. [Madrid :
Nombre del editor, distribuidor, etc. s.n.],
Fecha de publicación, distribución, etc. D.L. 1984.
300 ## - DESCRIPCIÓN FÍSICA
Extensión 378 p. :
Otras características físicas principalmente il. ;
Dimensiones 31 cm.
650 #4 - PUNTO DE ACCESO ADICIONAL DE MATERIA--TÉRMINO DE MATERIA
Término de materia o nombre geográfico como elemento de entrada Arte-
Subdivisión cronológica S.XX-
Subdivisión de forma Exposiciones.
9 (RLIN) 10140
655 #7 - TERMINO DE INDIZACIÓN--GENERO/FORMA
Fuente del término tgfbne
9 (RLIN) 193628
Datos o término principal de género/forma Catálogos de exposiciones
710 2# - ENTRADA AGREGADA--NOMBRE DE ENTIDAD CORPORATIVA
Nombre de entidad corporativa o nombre de jurisdicción como elemento de entrada IFEMA.
9 (RLIN) 4638
852 ## - LOCALIZACIÓN
Ubicación ES-MaACL
Número de control de estantería L-19971
Sublocalización o colección R.122757
942 ## - ELEMENTOS DE ENTRADA SECUNDARIOS (KOHA)
Fuente del sistema de clasificación o colocación Clasificación decimal universal
Holdings
Estatus retirado Estado de pérdida Estado de daño No para préstamo Biblioteca de origen Biblioteca actual Ubicación en estantería Fecha de adquisición Fuente de adquisición Total de préstamos Signatura topográfica completa Código de barras Visto por última vez Precio de reemplazo Tipo de ítem Koha
        Biblioteca del Ateneo de Madrid Biblioteca del Ateneo de Madrid Depósito 2 17/01/2008     L-19971 1012853 23/02/2023 23/02/2023 Libro impreso